000 03918cam a22005414i 4500
003 PE-LiUPU
005 20250731184610.0
008 150706s r 000 0 d
020 _a0964206005
035 _a(Sirsi) i9780964206007
040 _aPE-LiUPU
_bspa
_cPE-LiUPU
_erda
049 _aPRUA
050 _aDS154.9
_b.H47 1993
082 0 4 _a221.93
_bL25
_221
100 1 _aMerling, David,
_eautor.
245 1 0 _aHesban :
_bafter 25 years /
_ceditado por David Merling, Lawrence T. Geraty, con la contribución de Roger S. Boraas . [et al.].
264 1 _aBerrien Springs, Mich. :
_bInstitute of Archaeology, Siegfried H. Horn Archaeological Museum, Andrews University,
_c1994.
300 _axxiii, 379 páginas :
_bilustraciones, fot., mapáginas ;
_c23 centímetros
336 _atext
_2rdacontent
337 _aunmediated
_2rdamedia
338 _avolume
_2rdacarrier
505 0 _aPreface / David Merling -- Congratulations from the American Schools of Oriental Research / Walter E. Rast -- The contributions of American-sponsored excavations in Jordan / Safwan Kh. Tell -- My life in archaeology and the early history of the Heshbon Archaeological Expedition / Siegfried H. Horn -- Hesban and field method, how we dug, and why / Roger S. Boraas -- The journey from Heshbon to Hesban, an account of the evolution of the Heshbon Expedition's scope of research / :ystein S. La Bianca -- Why we dug at Tell Hesban / Lawrence T. Geraty -- Hesban, its geographical setting / Randall W. Younker -- Two roads lead to Esbus / Robert D. Ibach, Jr -- Hesban and the Ammonites during the Iron Age / James R. Fisher -- Caves, storage facilities, and life at Hellenistic and early Roman Hesban / Larry A. Mitchel -- Byzantine Hesban, the site in its archaeological and historical context / J. Bjornar Storfjell -- The historical/archaeological significance of the Hesban North Church / John I. Lawlor -- Byzantine Christianity at Hesban, its churches and mosaics / Bastiaan Van Elderen -- Hesban in the Ayyubid and Mamluk periods / Bert de Vries -- The Ammonite Ostraca from Tell Hesban / Frank M. Cross Jr., Lawrence T. Geraty -- A summary of small from Tell Hesban / Ralph E. Hendrix -- A note on processing the objects from Tell Hesban / Elizabeth E. Platt -- Everyday life at Hesban through the centuries / Øystein S. LaBianca -- The "pools of Heshbon", as discovered by the Heshbon Expedition / David Merling -- The pottery at Hesban and its relationship to the history of Jordan, an interim Hesban pottery report, 1993 / James A. Sauer -- Tomb types in the Roman and Byzantine cemeteries of Hesban / S. Douglas Waterhouse -- The Hesbon Expedition, retrospects and prospects / Øystein S. LaBianca and Lawrence T. Geraty.
526 _aP136
526 _aP135
526 _aP134
526 _aP133
526 _aP144
526 _aP143
526 _aP87
526 _aP35
526 _aP20
526 _aP14
526 _aP10
526 _aP06
600 1 _aHorn, Siegfried H.
_d1908-1993
_vBibliografía
630 _aBiblia
_xAntigüedades.
650 0 4 _aExcavaciones (Arqueología)
_zJordania.
650 0 4 _aExpecición Hesbón
_xAniversarios, etc.
910 _a
942 _2ddc
_cBOOK
949 _a221.93 H.583
_wDEWEY
_c1
_i65432
_lCIA
_mBWL
_r1
_sY
_tBOOK
_u2015-7-6
_xWHITE
_zUNKNOWN
_o.STAFF. Colección General
949 _a915.695 H44
_wDEWEY
_c1
_i43318
_f2017-2-15
_g1
_lCCODEBUL1
_mBUL
_r0
_sY
_tBOOK
_u2015-6-16
_xTEOLOGIA
_zUNKNOWN
_0COMPRA
_o.STAFF. Colección General
994 _aC0
_bPEPRU
596 _a1 4
999 _a915.695 H44
_wDEWEY
_c61287
_i43318
_f2021-11-11
_g5
_lCCODEBUL1
_mBUL
_r0
_sY
_tBOOK
_u2015-6-16
_xTEOLOGIA
_zUNKNOWN
_0COMPRA
_o.STAFF. Colección General
_d61287
999 _a221.93 L25
_wDEWEY
_c1
_iCW65432
_f2021-12-22
_g2
_lCCODECWL1
_mBWL
_p30.00
_r1
_sY
_tBOOK
_u2015-7-6
_xWHITE
_zUNKNOWN
_o.STAFF. Centro White
980 _81
_gALBERTO SANCHEZ Responsable de Automatización